La fuente sagrada de Chichén-Itzá (Record no. 189092)

MARC details
000 -LEADER
campo de control de longitud fija 00962nam a2200205 i 4500
001 - NÚMERO DE CONTROL
campo de control 189092
003 - IDENTIFICADOR DE NÚMERO DE CONTROL
campo de control ES-MaACL
005 - FECHA Y HORA DE LA ÚLTIMA TRANSACCIÓN
campo de control 20230906223357.0
008 - DATOS DE LONGITUD FIJA--INFORMACIÓN GENERAL
campo de control de longitud fija 190329q1939 gw f |||| | spa d
100 1# - ENTRADA PRINCIPAL--NOMBRE DE PERSONA
Nombre de persona Huonder, Anton (
Fechas asociadas al nombre 1858-1926)
9 (RLIN) 166734
245 13 - MENCIÓN DEL TÍTULO
Título La fuente sagrada de Chichén-Itzá
Resto del título : narración del antiguo Yucatán /
Mención de responsabilidad, etc. [por el padre Antonio Huonder].
260 ## - PUBLICACIÓN, DISTRIBUCIÓN, ETC.
Lugar de publicación, distribución, etc. Friburgo de Brisgovia (Alemania) :
Nombre del editor, distribuidor, etc. Herder,
Fecha de publicación, distribución, etc. [ca. 1939]
300 ## - DESCRIPCIÓN FÍSICA
Extensión 136 p., [2] h. de lám. col. ;
Dimensiones 17 cm.
490 1# - MENCIÓN DE SERIE
Mención de serie Desde lejanas tierras, galería de narraciones ilustradas dedicadas a la juventud ;
Designación de volumen o secuencia 24
594 ## - Nota al título y mención de responsabilidad
Nota al título y mención de responsabilidad Autor tomado del Catálogo Rebiun.
650 #4 - PUNTO DE ACCESO ADICIONAL DE MATERIA--TÉRMINO DE MATERIA
Término de materia o nombre geográfico como elemento de entrada Leyendas-
Subdivisión geográfica México.
9 (RLIN) 136398
830 0# - PUNTO DE ACCESO ADICIONAL DE SERIE-TÍTULO UNIFORME
Título uniforme Desde lejanas tierras, galería de narraciones ilustradas dedicadas a la juventud ;
Designación de volumen o secuencia 24
9 (RLIN) 225771
852 ## - LOCALIZACIÓN
Ubicación ES-MaACL
Número de control de estantería L-32262
Nota libre - Enc. cart.
-- . - Donat. herederos de la bibl. de Mª del Pilar Costa Palacín
condición física - Faltan p. 1-2
Holdings
Estatus retirado Estado de pérdida Estado de daño No para préstamo Biblioteca de origen Biblioteca actual Ubicación en estantería Fecha de adquisición Fuente de adquisición Total de préstamos Signatura topográfica completa Código de barras Visto por última vez Precio de reemplazo Tipo de ítem Koha
        Biblioteca del Ateneo de Madrid Biblioteca del Ateneo de Madrid Depósito 2 29/03/2019     L-32262 1200266 23/02/2023 23/02/2023 Libro impreso